000 00165nam a2200073Ia 4500
008 170620s9999 xx 000 0 und d
100 _aA . I. R.
245 0 _aAll India Report- 1998
260 _c1998
999 _c29250
_d29250